All Countries Visited in Jet Lag: The Game - Statistics

General Stats
  • This quiz has been taken 874 times
    90 since last reset
  • The average score is 25 of 29
Answer Stats
Season(s) Visited Answer % Correct
1, 2, 4, 8, 13.5 United States
100%
6, 12 Japan
97%
3, 7, 13, 15 France
96%
13, 16 United Kingom
96%
2, 10 Australia
95%
3, 7, 13, 15 Germany
95%
2, 11, 13 Italy
95%
17 Taiwan
93%
5 New Zealand
92%
2, 7, 13 The Netherlands
92%
3, 7, 13 Belgium
91%
9, 11, 13, 15 Switzerland
91%
13 Austria
89%
13 Sweden
89%
13 Norway
85%
13 Denmark
84%
2 Singapore
84%
14 South Korea
84%
13 Finland
82%
7 Luxembourg
82%
11 Slovenia
81%
13 Hungary
80%
13 Slovakia
80%
13 Czech Republic
77%
13 Vatican City
77%
13 Liechtenstein
76%
2 Mexico
76%
13 Lithuania
66%
2 Fiji
43%
No matching quizzes found
Score Distribution
Percent of People with Each Score
Percentile by Number Answered
Your Score History
You have not taken this quiz since the last reset